000 00321nam a22001217a 4500
999 _c13539
_d13539
082 _a808.84
_bن س ی
100 _aنسیم حجازی
245 _aآخری معرکہ
260 _aکراچی
_bجہانگیر بک ڈپو
_c٢٠٠٥
300 _a٥٩٢ صفحات
650 _aAakhri maarka, Novel
942 _cBK